000 01417naa a22003257a 4500
001 BR8708356
003 BR-BrBNA
005 20250721154543.0
007 ta
008 250630b bl.|||m| |||| 00| 0 por d
040 _aBR-BrBNA
_bpor
_cBiblioteca Nacional de Agricultura
041 _a(Pt)
072 _aF01; P35
_b0120
_b1410
_b3820
_bG514
_bGZ23
090 _aF01 BR8708356
100 1 _aCoelho, A.M.
100 1 _aSilva, B.G. da
111 1 _a15. Congresso Nacional de Milho e Sorgo
_cMaceio, AL (Brazil)
_d2 Jul 1986
245 1 _aFontes de nitrogenio na consorciacao milho-verde e feijao cultivados em varzea
246 1 _aNitrogen sources on the maize - fields beans double crop system cultivated in lowland
246 1 _a[Annals of the 15th Maize and Sorghum National Congress]
500 _aAnais do 15. Congresso Nacional de Milho e Sorgo Brasilia, DF (Brasil): Empresa Brasileira de Pesquisa Agropecuaria. Departamento de Difusao de Tecnologia, 1986. p. 323-330 [28 ref.; Summaries (En, Pt)] (BR8708356-AMS)
773 0 _tAnais do 15. Congresso Nacional de Milho e Sorgo
_wF01 BR8708356
_gBrasilia, DF (Brasil), 1986. p. 323-330
650 _aMILHO
650 _aFEIJAO
650 _aCONSORCIACAO DE CULTURA
650 _aNITROGENIO
490 _aDocumentos - Centro Nacional de Pesquisa de Milho e Sorgo (Brazil)
_vno. 5
942 _cAMS
_2AGRIS
909 _a202506
_bLúcia
_c55
_dLúcia Elande
999 _c335598
_d335598